000 00930cam a2200265 a 4500
001 000018458
005 20200929165817.0
008 790216s1966 sp 000 p spa d
035 _a(DLC) 68049816
035 _a(OCoLC)4660388
040 _aDO-SdBNP
_cOCl
_dOCoLC
_dDLC
_dBNPHU
042 _apremarc
082 _aN861.44
_bC266e
100 1 _aCardenal, Ernesto,
_d1925-
_98090
245 1 3 _aEl estrecho dudoso /
_cErnesto Cardenal ; Carta prólogo de José Coronel Urtecho.
260 _aMadrid :
_bCultura Hispánica,
_c1966.
300 _a204 p. :
_bfacsims. ;
_c20 cm.
490 1 _aLa Encina y el mar, poesía de España y América
_v32
650 4 _aPoesía nicaraguense
_98179
650 4 _aLiteratura nicaraguense
_98180
700 1 _aCoronel Urtecho, José
_epról.
_939945
830 0 _aLa Encina y el mar, poesía de España y América ;
_v32
_939946
910 _aCatalogación por derivada / LC
049 _aBNGR
999 _c17978
_d17978